00553 2200181 4500245006000000020002200060250001100082100002900093700002400122650002000146005001900166260003800185041001400223084001100237300002900248500008500277336000900362 aBidadari Bermata BeningcHabiburrahman El ShirazyhText a978-602-0822-64-8 aCet. 1 aHabiburrahman El Shirazy aSyahruddin El-Fikri aNovel Indonesia a20230929111814 aJakartabRepublika Penerbitc2017 aIndonesia a808.83 aiv, 337 hlm. :c20.5 cm. aNovel ini mendeskripsikan dunia pesantren dan orang-orang pesantren dengan apik. atext